Zen Pivots : (Record no. 1508)

MARC details
000 -LEADER
fixed length control field 01132cam a2200337 i 4500
001 - CONTROL NUMBER
control field 1655978
003 - CONTROL NUMBER IDENTIFIER
control field OSt
005 - DATE AND TIME OF LATEST TRANSACTION
control field 20240618153548.0
008 - FIXED-LENGTH DATA ELEMENTS--GENERAL INFORMATION
fixed length control field 971209s1998 nyu b 000 0 eng
010 ## - LIBRARY OF CONGRESS CONTROL NUMBER
LC control number 97051894
020 ## - INTERNATIONAL STANDARD BOOK NUMBER
International Standard Book Number 0834804166 (pbk.)
040 ## - CATALOGING SOURCE
Original cataloging agency DLC
Transcribing agency DLC
Modifying agency DLC
050 00 - LIBRARY OF CONGRESS CALL NUMBER
Classification number BQ9266
Item number .S266 1998
082 00 - DEWEY DECIMAL CLASSIFICATION NUMBER
Classification number 294.3/927
Edition number 21
100 1# - MAIN ENTRY--PERSONAL NAME
Personal name Sasaki, Shigetsu,
Dates associated with a name 1882-1945.
245 10 - TITLE STATEMENT
Title Zen Pivots :
Remainder of title lectures on Buddhism and Zen /
Statement of responsibility, etc. by Sokei-an ; edited by Mary Farkas & Robert Lopez.
250 ## - EDITION STATEMENT
Edition statement 1st ed.
264 ## - PRODUCTION, PUBLICATION, DISTRIBUTION, MANUFACTURE, AND COPYRIGHT NOTICE
Place of production, publication, distribution, manufacture New York :
Name of producer, publisher, distributor, manufacturer Weatherhill,
Date of production, publication, distribution, manufacture, or copyright notice 1998.
300 ## - PHYSICAL DESCRIPTION
Extent 190 pages ;
Dimensions 22 cm.
336 ## - CONTENT TYPE
Source rdacontent
Content type term text
Content type code txt
337 ## - MEDIA TYPE
Source rdamedia
Media type term unmediated
Media type code n
338 ## - CARRIER TYPE
Source rdacarrier
Carrier type term volume
Carrier type code nc
504 ## - BIBLIOGRAPHY, ETC. NOTE
Bibliography, etc. note Includes bibliographical references (p. 175-184).
650 #0 - SUBJECT ADDED ENTRY--TOPICAL TERM
Topical term or geographic name entry element Zen Buddhism.
650 #0 - SUBJECT ADDED ENTRY--TOPICAL TERM
Topical term or geographic name entry element Religious life
General subdivision Buddhism.
700 1# - ADDED ENTRY--PERSONAL NAME
Personal name Farkas, Mary,
Dates associated with a name 1910-1992.
700 1# - ADDED ENTRY--PERSONAL NAME
Personal name Lopez, Robert.
906 ## - LOCAL DATA ELEMENT F, LDF (RLIN)
a 7
b cbc
c orignew
d 1
e ocip
f 19
g y-gencatlg
942 ## - ADDED ENTRY ELEMENTS (KOHA)
Source of classification or shelving scheme Lindholme Classification Scheme
Koha item type Book
Suppress in OPAC No
Holdings
Withdrawn status Lost status Source of classification or shelving scheme Damaged status Not for loan Collection Home library Current library Shelving location Date acquired Total checkouts Full call number Barcode Date last seen Price effective from Koha item type
    Lindholme Classification Scheme     Mahayana Buddhism Lindholme Hall Library Lindholme Hall Library General stacks 18/06/2024   366 SOK 2402661 18/06/2024 18/06/2024 Book